OUTLINE OF A THEORY OF PRACTICE (Record no. 22111)

MARC details
000 -LEADER
fixed length control field 00347nam a2200133Ia 4500
008 - FIXED-LENGTH DATA ELEMENTS--GENERAL INFORMATION
fixed length control field 240624s9999 xx 000 0 und d
041 ## - LANGUAGE CODE
Language code of text/sound track or separate title eng
082 ## - DEWEY DECIMAL CLASSIFICATION NUMBER
Classification number 301 BOU
100 ## - MAIN ENTRY--PERSONAL NAME
Personal name BOURDIEU PIERRE
245 ## - TITLE STATEMENT
Title OUTLINE OF A THEORY OF PRACTICE
260 ## - PUBLICATION, DISTRIBUTION, ETC.
Date of publication, distribution, etc. 1977
Place of publication, distribution, etc. New Delhi
Name of publisher, distributor, etc. Cambridge University Press India
300 ## - PHYSICAL DESCRIPTION
Extent 224 : p.
365 ## - TRADE PRICE
Currency code GBP
Price amount 28
Holdings
Withdrawn status Lost status Damaged status Not for loan Home library Current library Shelving location Date acquired Source of acquisition Cost, normal purchase price Full call number Barcode Date last seen Copy number Price effective from Koha item type
        IMTN IMTN Rack 5-A 11/28/2013 UBS 26.99 301 BOU 22111 06/24/2024 104.9 06/24/2024 Books
Designed & Maintained by: LRC IMT Nagpur Contact: lrc@imtnag.ac.in© 2024. All Rights Reserved.